Protein biotechnology

Guardado en:
Detalles Bibliográficos
Autores principales: Walsh, Gary (Autor), Headon, Denis R (Autor)
Formato: Libro
Lenguaje:inglés
Publicado: Chichester John Wiley 1994
Materias:
Etiquetas: Agregar Etiqueta
Sin Etiquetas, Sea el primero en etiquetar este registro!

MARC

LEADER 00000nam a2200000 a 4500
001 UCO3885
003 CL-VaPUC
008 000728e19940000UK |||||||||||||||||eng|d
082 0 4 |a 660.63  |b WAL  |2 21 
100 0 |a Walsh, Gary  |e author  |9 447897 
700 0 |a Headon, Denis R  |e author  |9 447898 
245 1 0 |a Protein biotechnology 
300 |a 371 p 
942 |c BK 
945 |d 20000728 00:00:00  |a vberengu 
260 |a Chichester  |b John Wiley  |c 1994 
650 0 |a Biotecnología   |9 259561 
650 7 |a PROTEINAS  |2 CL-VaPUC  |9 447899 
583 |a last modification  |c 20000728 00:00:00  |k Rodrigo Vera 
999 |c 290004  |d 290002 
952 |0 0  |1 0  |4 0  |6 660_630000000000000_WAL_1994  |7 0  |8 A  |9 339111  |a BIBING  |b BIBING  |d 2019-11-20  |i 3636232  |o 660.63 WAL 1994  |p 3636232  |r 2025-01-20  |w 2019-11-20  |y BK  |k ING